|
|
|
|
| LEADER |
01024cam a2200229 7i4500 |
| 001 |
0000058796 |
| 005 |
20210413090000.0 |
| 020 |
|
|
|a 9781785612480 (electronic book)
|
| 090 |
0 |
0 |
|a R858
|b .C67 2018
|
| 100 |
1 |
|
|a Coronato, Antonio
|
| 245 |
1 |
0 |
|a Engineering high quality medical software :
|b regulations, standards, methodologies and tools for certification
|c Antonio Coronato.
|
| 264 |
|
|
|a United Kingdom:
|b The Institution of Engineering and Technology,
|c 2018.
|
| 300 |
|
|
|a 1 online resource (xvi, 280 pages):
|b illustrations, text file, PDF.
|
| 336 |
|
|
|a text
|2 rdacontent
|
| 337 |
|
|
|a computer
|2 rdamedia
|
| 338 |
|
|
|a online resource
|2 rdacarrier
|
| 650 |
0 |
0 |
|a Medical technology
|
| 650 |
0 |
0 |
|a Medical informatics
|
| 655 |
0 |
0 |
|a Electronic books
|
| 856 |
4 |
2 |
|u http://library.unisel.edu.my/equip-unisel/custom/ebook_catalog/ebook/Engineeringhighqualitymedicalsoftwareregulationsstandardsmethodologiesandtoolsforcertification.pdf
|
| 997 |
|
|
|a Health Sciences, Faculty
|
| 999 |
|
|
|a EBO0005229
|b EBOOK
|c EBOOK
|e Electronic resources
|